000 00556nam a22002297a 4500
005 20251128155836.0
008 161011b2016 xxu||||| |||| 00| 0 spa d
020 _a9789968482271
041 _aESP
082 s _aCR 863.44 C355p
100 _aCastro Blanco, Felipe
245 _aLa posada de la luna
260 _aCosta Rica
260 _bEUNED
260 _c2016
300 _a280 páginas
490 _aTemática General
650 _aLITERATURA COSTARRICENSE
650 _aNOVELA COSTARRICENSE
650 _aVIDA SOCIAL
942 _cLIT
_2ddc
999 _c9817
_d9817